000 00591cam a22002053a 4500
001 40157
003 PGUSA
005 20140828083908.0
008 120707s2012||||xxu|||||s|||||000 | eng d
040 _aPGUSA
_beng
042 _adc
100 1 _aElfer, William Andre
245 1 0 _aBreeding minks in Louisiana for their fur
_h[electronic resource] /
_cWilliam Andre Elfer
260 _bProject Gutenberg,
_c2012
506 _aPublic domain in the USA.
516 _aElectronic text
830 0 _aProject Gutenberg
_v40157
856 4 0 _uhttp://www.gutenberg.org/ebooks/40157
942 _cEB
999 _c269410
_d269410